| 000 | 00000nam 2200000za 4500 |
| 001 | 9.640130 |
| 003 | CaOODSP |
| 005 | 20250910142445 |
| 007 | cr ||||||||||| |
| 008 | 150407s2009 onc ob f000 0 fre d |
| 040 | |aCaOODSP|bfre |
| 043 | |an-cn--- |
| 086 | 1 |aD2-206/2-2007F-PDF |
| 100 | 1 |aGabriel, Richard A. |
| 245 | 13|aÀ la manière des guerriers |h[ressource électronique] : |bun traité d'éthique militaire / |cpar Richard A. Gabriel. |
| 260 | |aKingston, Ontario : |bDéfense nationale, |cc2009. |
| 300 | |axi, 233 p. |
| 500 | |aLa copie a été replacée le 4 août 2023 à la demande du ministère-auteur. |
| 500 | |aLe n° de catalogue (D2-206/2-2007F) et l'ISBN (978-1-100-90736-9) de l'édition imprimée ont été incorrectement copiés dans la version PDF. |
| 500 | |aRéalisé pour la Presse de l'Académie canadienne de la Défense par le Bureau de publications de la 17e Escadre. |
| 520 | 3 |aA pour objet d’identifier les préceptes, les valeurs et les obligations que le militaire doit comprendre et respecter pour être un soldat éthique. Il a aussi pour but d’établir un fondement philosophique et pratique clair de sorte que ces valeurs et obligations puissent guider le militaire dans se décisions d’ordre éthique. |
| 590 | |a12-31-Supp|b2012-07-06 |
| 691 | 07|aDroit militaire|2gcpds |
| 691 | 07|aÉthique|2gcpds |
| 710 | 1 |aCanada. |bMinistère de la défense nationale. |
| 775 | 08|tThe warrior's way : |w(CaOODSP)9.696012 |
| 776 | 0#|tÀ la manière des guerriers : |w(CaOODSP)9.684482 |
| 856 | 40|qPDF|s7.98 Mo|uhttps://publications.gc.ca/collections/collection_2012/dn-nd/D2-206-2-2007-fra.pdf |